Understanding Net (Record no. 5000)

MARC details
000 -LEADER
fixed length control field 00430nam a22001817a 4500
005 - DATE AND TIME OF LATEST TRANSACTION
control field 20180205124652.0
008 - FIXED-LENGTH DATA ELEMENTS--GENERAL INFORMATION
fixed length control field 160701b xxu||||| |||| 00| 0 eng d
020 ## - INTERNATIONAL STANDARD BOOK NUMBER
ISBN 81-317-1498-5
041 ## - LANGUAGE CODE
Language code of text/sound track or separate title eng
082 ## - DEWEY DECIMAL CLASSIFICATION NUMBER
Item number 20186
Classification number 005.131
100 ## - MAIN ENTRY--AUTHOR NAME
Personal name Chappell David
245 ## - TITLE STATEMENT
Title Understanding Net
250 ## - EDITION STATEMENT
Edition statement 2nd ed.
260 ## - PUBLICATION, DISTRIBUTION, ETC. (IMPRINT)
Name of publisher Pearson
Year of publication 2007
Place of publication 2006
300 ## - PHYSICAL DESCRIPTION
Number of Pages 298
650 ## - SUBJECT ADDED ENTRY--TOPICAL TERM
Topical Term Information Technology
942 ## - ADDED ENTRY ELEMENTS (KOHA)
Koha item type Books
Holdings
Lost status Damaged status Collection code Home library Current library Shelving location Date acquired Cost, normal purchase price Full call number Accession Number Koha item type
    CS/IT JRU Library JRU Library SHELF-49-J 01/07/2016 375.00 005.133 20186 Books
    CS/IT JRU Library JRU Library SHELF-49-J 01/07/2016 375.00 005.133 20187 Books